Score 0/18 Timer 04:00
1 Play Today
% Correct
Abraham Lincoln
94.1%
John F. Kennedy
93.2%
Bill Clinton
93.1%
Richard Nixon
92.5%
Ronald Reagan
89.8%
Harry S. Truman
87.7%
Theodore Roosevelt
87.4%
George W. Bush
86.2%
Franklin Roosevelt
85.8%
% Correct
Barack Obama
84.5%
Herbert Hoover
82.4%
John Quincy Adams
78.7%
Andrew Jackson
77.5%
James Buchanan
75.4%
Martin Van Buren
75.3%
Thomas Jefferson
74.9%
George Washington
70.7%
James Madison
67.8%
Remove Ads.
Support Sporcle.
Get the best of Sporcle when you Go Orange. This ad-free experience offers more features, more stats, and more fun while also helping to support Sporcle. Thank you for becoming a member.

You're not logged in!

Compare scores with friends on all Sporcle quizzes.
OR
Log In

Show Comments

Extras

Top Quizzes Today


Score Distribution

Your Account Isn't Verified!

In order to create a playlist on Sporcle, you need to verify the email address you used during registration. Go to your Sporcle Settings to finish the process.

Report this User

Report this user for behavior that violates our Community Guidelines.

Details: